Kde raky spievajú (Record no. 19997)
[ view plain ]
| 000 -LEADER | |
|---|---|
| fixed length control field | 01591cam a2200469 4500 |
| 001 - CONTROL NUMBER | |
| control field | 19997 |
| 003 - CONTROL NUMBER IDENTIFIER | |
| control field | SK-KTurca |
| 005 - DATE AND TIME OF LATEST TRANSACTION | |
| control field | 20251219185218.0 |
| 008 - FIXED-LENGTH DATA ELEMENTS--GENERAL INFORMATION | |
| fixed length control field | 210701s2019 xo er 010 f slo |
| 015 ## - NATIONAL BIBLIOGRAPHY NUMBER | |
| National bibliography number | SNBA2020/09 |
| 020 ## - INTERNATIONAL STANDARD BOOK NUMBER | |
| International Standard Book Number | 9788022210232 |
| Qualifying information | (viazané) |
| 035 ## - SYSTEM CONTROL NUMBER | |
| System control number | urn:nbn:sk:snk-am00fg3a |
| 035 ## - SYSTEM CONTROL NUMBER | |
| System control number | urn:nbn:sk:snk-am3isfq |
| 035 ## - SYSTEM CONTROL NUMBER | |
| System control number | 396B89D3-04FA-41A0-8405-14DFE0C9BBF9 |
| 040 ## - CATALOGING SOURCE | |
| Original cataloging agency | ZKSE |
| Language of cataloging | slo |
| Transcribing agency | ZKSE |
| Modifying agency | SNK |
| Description conventions | rda |
| 041 1# - LANGUAGE CODE | |
| Language code of text/sound track or separate title | slo |
| Language code of original | eng |
| 044 ## - COUNTRY OF PUBLISHING/PRODUCING ENTITY CODE | |
| MARC country code | xo |
| ISO country code | SK |
| 072 #7 - SUBJECT CATEGORY CODE | |
| Subject category code | 821.111(73)-3 |
| Subject category code subdivision | Americká próza |
| Source | konspekt |
| 080 ## - UNIVERSAL DECIMAL CLASSIFICATION NUMBER | |
| Universal Decimal Classification number | 821.111(73)-31 |
| Edition identifier | 2011 |
| 080 ## - UNIVERSAL DECIMAL CLASSIFICATION NUMBER | |
| Universal Decimal Classification number | (0:82-312.4) |
| Edition identifier | 2011 |
| 080 ## - UNIVERSAL DECIMAL CLASSIFICATION NUMBER | |
| Universal Decimal Classification number | (0:82-312.5) |
| Edition identifier | 2011 |
| 100 1# - MAIN ENTRY--PERSONAL NAME | |
| Personal name | Owens, Delia, |
| Dates associated with a name | 1949- |
| Relationship | aut |
| 240 10 - UNIFORM TITLE | |
| Uniform title | Where the crawdads sing |
| Language of a work | Slovensky |
| 245 10 - TITLE STATEMENT | |
| Title | Kde raky spievajú |
| Statement of responsibility, etc. | Delia Owensová ; z anglického originálu Where the crawdads sing ... preložila Marianna Bachledová |
| 250 ## - EDITION STATEMENT | |
| Edition statement | Vydanie I. |
| 264 #1 - PRODUCTION, PUBLICATION, DISTRIBUTION, MANUFACTURE, AND COPYRIGHT NOTICE | |
| Place of production, publication, distribution, manufacture | Bratislava |
| Name of producer, publisher, distributor, manufacturer | Tatran |
| Date of production, publication, distribution, manufacture, or copyright notice | 2019 |
| 300 ## - PHYSICAL DESCRIPTION | |
| Extent | 297 strán |
| Dimensions | 24 cm |
| 336 ## - CONTENT TYPE | |
| Content type term | text |
| Content type code | txt |
| Source | rdacontent |
| 337 ## - MEDIA TYPE | |
| Media type term | bez média |
| Media type code | n |
| Source | rdamedia |
| 338 ## - CARRIER TYPE | |
| Carrier type term | zväzok |
| Carrier type code | nc |
| Source | rdacarrier |
| 490 1# - SERIES STATEMENT | |
| Series statement | LUK - Knižnica svetových bestsellerov |
| Volume/sequential designation | 164. zväzok |
| 655 #7 - INDEX TERM--GENRE/FORM | |
| Genre/form data or focus term | americké romány |
| Source of term | SNKPH |
| 655 #7 - INDEX TERM--GENRE/FORM | |
| Genre/form data or focus term | American novels |
| Source of term | SNKPHeng |
| 655 #7 - INDEX TERM--GENRE/FORM | |
| Genre/form data or focus term | Detective novels |
| Source of term | SNKPHeng |
| 655 #7 - INDEX TERM--GENRE/FORM | |
| Genre/form data or focus term | detektívne romány |
| Source of term | SNKPH |
| 655 #7 - INDEX TERM--GENRE/FORM | |
| Genre/form data or focus term | ľúbostné romány |
| Source of term | SNKPH |
| 655 #7 - INDEX TERM--GENRE/FORM | |
| Genre/form data or focus term | Love novels |
| Source of term | SNKPHeng |
| 700 1# - ADDED ENTRY--PERSONAL NAME | |
| Personal name | Bachledová, Marianna, |
| Dates associated with a name | 1989- |
| Relationship | trl |
| 700 1# - ADDED ENTRY--PERSONAL NAME | |
| Personal name | Vinczeová, Barbora, |
| Dates associated with a name | 1992- |
| Relationship | trl |
| 830 #0 - SERIES ADDED ENTRY--UNIFORM TITLE | |
| Uniform title | LUK - Knižnica svetových bestsellerov |
| 942 ## - ADDED ENTRY ELEMENTS (KOHA) | |
| Source of classification or shelving scheme | Dewey Decimal Classification |
| Koha item type | Krásna literatúra pre dospelých |
| Suppress in OPAC | No |
| Stav vyradenia | Strata | Poškodenie | Spôsob nadobudnutia | Domovská knižnica | Aktuálna knižnica | Dátum nadobudnutia | Cena | Total checkouts | Čiarový kód exemplára | Date last seen | Date last checked out | Typ exemplára |
|---|---|---|---|---|---|---|---|---|---|---|---|---|
| Kúpa | Obecná knižnica Diaková | Obecná knižnica Diaková | 19.12.2025 | 12.92 | 1 | 4734501502 | 24.04.2026 | 17.04.2026 | Krásna literatúra pre dospelých |
